00748nam a22002537a 45000010005000000030006000050050017000110080041000280200017000690400029000860500014001150820012001291000028001412450035001692500028002042600037002323000059002694900025003285050008003535200060003615210029004215210020004506500024004703761FISKH20240430133637.0240430b cb ||||| |||| 00| 0 eng d a978068983672 aFISKHbengcFISKHdFISKH aQA113.F34 a513.211 aFalconer, Ian eauthor  aOlivia counts /c Ian Falconer aFirst published in 2002 aUK : bSimon & Schuster , c2002 a12 unnumbered pages : bcolor illustrations ;c19 cm . a Olivia (Board Book) aD  aOlivia the piglet presents the numbers from one to ten.8 a160 bLexile estimate 8 aD bRaz-Plus  acounting vFiction